| 000 | 00544nam a2200133Ia 4500 | ||
|---|---|---|---|
| 008 | 231129s9999||||xx |||||||||||||| ||spa|| | ||
| 020 | _a970-701-549-7 | ||
| 040 | _bspa | ||
| 082 | _a363.45 C139t | ||
| 100 | _aCajas Juan | ||
| 245 | 0 | _aEl truquito y la maroma cocaína traquetos y pistolocos en Nueva York: Una antropología de la incertidumbre y lo prohibido | |
| 264 | _aMéxico : Consejo Nacional para la Cultura y las Artes. Instituto Nacional de Antropología e Historia | ||
| 942 |
_2ddc _cBKS |
||
| 999 |
_c12592 _d12592 |
||